| 000 | 00330nam a22001337a 4500 | ||
|---|---|---|---|
| 082 | _a617.63 ,E14R | ||
| 100 | _aREDDY,SHANTIPRIYA | ||
| 245 | _aESSENTIALS OF CLINICAL PERIODONTOLOGY & PERIODONTICS. | ||
| 250 | _a4TH | ||
| 260 |
_aDELHI _bJAYPEE BROTHERS _c2014 |
||
| 300 | _a457 | ||
| 650 | _aPERIODONTOLOGY | ||
| 942 |
_2ddc _cBK _012 |
||
| 999 |
_c9806 _d9806 |
||